Catálogo público

Compendium of alfalfa diseases (Record no. 920)

MARC details
000 -CABECERA
campo de control de longitud fija 01249cam a22003497a 4500
003 - IDENTIFICADOR DEL NÚMERO DE CONTROL
campo de control CHAP
005 - FECHA Y HORA DE LA ÚLTIMA TRANSACCIÓN
campo de control 20220329133000.0
008 - DATOS DE LONGITUD FIJA--INFORMACIÓN GENERAL
campo de control de longitud fija 971013s1979 r 00010 d
010 ## - NÚMERO DE CONTROL DE LA BIBLIOTECA DEL CONGRESO
Número de control de LC 920
011 ## - ENLACE DEL NUMERO DE CONTROL DE LA BIBLIOTECA DEL CONGRESO [OBSOLETO]
Número de control de LC 1892
035 ## - NÚMERO DE CONTROL DEL SISTEMA
Número de control de sistema 1077
040 ## - FUENTE DE LA CATALOGACIÓN
Centro/agencia transcriptor CHAP
082 04 - NÚMERO DE LA CLASIFICACIÓN DECIMAL DEWEY
Número de clasificación 633.31
Número de documento/Ítem G7
100 00 - ENTRADA PRINCIPAL--NOMBRE DE PERSONA
Nombre de persona Graham, Joseph H.
9 (RLIN) 50218
245 10 - MENCIÓN DE TÍTULO
Título Compendium of alfalfa diseases
260 ## - PUBLICACIÓN, DISTRIBUCIÓN, ETC.
Lugar de publicación, distribución, etc. St. Paul, Minn. :
Nombre del editor, distribuidor, etc. American Phytopathological Society,
Fecha de publicación, distribución, etc. 1979
300 ## - DESCRIPCIÓN FÍSICA
Extensión 65 p.
Otras características físicas : ilus.
490 #0 - MENCIÓN DE SERIE
Mención de serie Disease compendium series
500 ## - NOTA GENERAL
Nota general En la 2 ed. aparece como editor Stuteville, Donald L.
590 ## - NOTA LOCAL (RLIN)
Nota local BATCH-UPD
Procedencia (VM) [OBSOLETO] 10
Condición del los carretes individuales (VM) [OBSOLETO] 20130110
-- UCH01
-- 0857
590 ## - NOTA LOCAL (RLIN)
Nota local CONVERSION
Procedencia (VM) [OBSOLETO] 10
Condición del los carretes individuales (VM) [OBSOLETO] 20130109
-- UCH01
-- 1302
650 14 - PUNTO DE ACCESO ADICIONAL DE MATERIA--TÉRMINO DE MATERIA
Término de materia o nombre geográfico como elemento de entrada Alfalfa
Subdivisión general Enfermedades.
9 (RLIN) 3863
700 0# - PUNTO DE ACCESO ADICIONAL--NOMBRE DE PERSONA
Nombre de persona Frosheiser, Fred I.
9 (RLIN) 43579
700 0# - PUNTO DE ACCESO ADICIONAL--NOMBRE DE PERSONA
Nombre de persona Stuteville, Donald L.
9 (RLIN) 110112
830 0# - PUNTO DE ACCESO ADICIONAL DE SERIE-TÍTULO UNIFORME
Título uniforme Disease compendium series
9 (RLIN) 32720
901 ## - ELEMENTOS DE DATOS A LOCAL LDA (RLIN)
a BK
942 ## - ELEMENTOS DE PUNTO DE ACCESO ADICIONAL (KOHA)
Tipo de ítem Koha Libro
949 ## - PROCESAMIENTO DE INFORMACIÓN LOCAL (OCLC)
a 633.31 G7
b BC
c C
d 33724002203446
e C
h 57444
i 1077
s i
t 2.65
949 ## - PROCESAMIENTO DE INFORMACIÓN LOCAL (OCLC)
a 633.31 G7
b BC
c LIBRO
d 33724000216842
e LIBRO
f c.2
h 69397
i 1077
s i
t 11.10
949 ## - PROCESAMIENTO DE INFORMACIÓN LOCAL (OCLC)
a 633.31 G7
b BC
c LIBRO
d 33724000216859
e LIBRO
f c.3
h 69398
i 1077
s i
t 11.10
949 ## - PROCESAMIENTO DE INFORMACIÓN LOCAL (OCLC)
a 633.31 G7
b BC
c LIBRO
d 33724000216867
e LIBRO
f c.4
g I. 148617
h 76833
i 1077
s i
t 100.00
Holdings
Estado de retiro Estado de pérdida Fuente del sistema de clasificación o colocación Estado dañado Restricciones de uso No para préstamo Código de colección Localización permanente Ubicación/localización actual Ubicación en estantería Fecha de adquisición Fuente de adquisición Información codificada de la localización en otra ubicación Total de préstamos Signatura topográfica completa Código de barras Fecha visto por última vez Precio válido a partir de Tipo de ítem Koha Número de copia
    Dewey Decimal Classification   Préstamo interno   Consulta Biblioteca Central Biblioteca Central Planta alta - Coleción Consulta 31/12/2019 I. 148617 LIBRO   633.31 G7 33724002203446 31/12/2019 31/12/2019 Libro  
    Dewey Decimal Classification   Préstamo 15 días   General Biblioteca Central Biblioteca Central Planta principal - Colección General 31/12/2019   LIBRO   633.31 G7 33724000216842 31/12/2019 31/12/2019 Libro c.2
    Dewey Decimal Classification   Préstamo 15 días   General Biblioteca Central Biblioteca Central Planta principal - Colección General 31/12/2019   LIBRO   633.31 G7 33724000216859 31/12/2019 31/12/2019 Libro c.3
    Dewey Decimal Classification   Préstamo 15 días   General Biblioteca Central Biblioteca Central Planta principal - Colección General 31/12/2019   LIBRO   633.31 G7 33724000216867 31/12/2019 31/12/2019 Libro c.4